| 000 | 00654nam a22001697a 4500 | ||
|---|---|---|---|
| 005 | 20120209154232.0 | ||
| 020 |
_a0070445419 _c00.00 |
||
| 035 | _aB-61701 | ||
| 037 |
_aDPL _bENG |
||
| 100 |
_aWelburn, Tyler _941390 |
||
| 245 |
_aStructured Cobol fundamentals and style / _cby Tyler Welburn and Wilson Price |
||
| 260 |
_aNew Delhi _bTata McGraw-Hill Publishing _c2001 |
||
| 300 |
_axxxiii, 670p. _c30 cms. |
||
| 700 |
_aPrice, Wilson _941391 |
||
| 942 |
_2ddc _cEN _h005.13 _mWEL |
||
| 999 |
_c62431 _d62431 |
||